000
00315 a2200145 4500
001
156983
040
_c
Escola São Tomás de Aquino
100
_a
CULTURA INGLESA
240
1
0
_a
Hats on top 3
_l
por
245
1
0
_a
Hats on top 3
300
_a
50 f.
440
1
_a
Cultura Inglesa
697
_a
1º Ano
942
_c
BK
999
_c
156983
_d
156983